000 00553nam a2200145 i 4500
001 153572
003 ES-MaACL
005 20230906205305.0
008 040920s1844 fr |||| | fre d
040 _aCAM
_bspa
_cCAM
245 0 0 _aDu mouvement religieux en Angleterre ou Les progrès du catholicisme et le retour de l'Eglise Anglicane a l'unité /
_cpar un catholique.
260 _aParis :
_bSagnier et Bray, libraires-éditeurs,
_c1844 (
_fImprimerie de E.J. Bailly)
300 _aXX, 466 p. ;
_c22 cm.
852 _aES-MaACL
_jG-13602
_z-- Enc. hol.
999 _c153572
_d153572